000 00488nam a22001817a 4500
003 NUST - PNEC
005 20170116180750.0
008 150309b xxu||||| |||| 00| 0 eng d
020 _a9695031013
040 _cLIBRARY
082 _a891.4391 RUM
100 _91649
_aRumi, Jalaluddin
245 _aMasnavi Molvi Manavi Vol 4 & 5
_cMaulana Jalaluddin Roomi
260 _aLahore;
_bAl-Faisal,
300 _a368 p. :
_c22 cm.
650 _91653
_aQuran, History
_xIslam
942 _2ddc
_cBK
999 _c62519
_d62519